| 000 | 00453nam a2200193Ia 4500 | ||
|---|---|---|---|
| 005 | 20250423094541.0 | ||
| 008 | 250422s9999 xx 000 0 und d | ||
| 020 | _a0030211042 | ||
| 050 | _aHF 5415.2 .C49/ | ||
| 100 | _aChurchill, Gilbert A. | ||
| 245 | 0 | _aBasic marketing research | |
| 250 | _a4th ed. | ||
| 260 | _aFort Worth | ||
| 260 | _bDryden Press | ||
| 260 | _c2001 | ||
| 300 | _a830 p | ||
| 650 | _aMarketing research. | ||
| 942 | _cBK | ||
| 999 |
_c27574 _d27574 |
||